000 00661nmm a2200253 a 4500
003 AR-BaBNM
005 20251128211518.0
008 224120s1997 ||||||||||||||000 | spa||
020 _a987-96162-4-3
040 _cAR-BaBNM
100 1 _aRodríguez, Hugo Luis
245 1 0 _aPeligro en la casa misteriosa
260 _aBuenos Aires
_bHLR
_c1997
300 _a32 p.
650 4 _aACTIVIDAD LUDICA
650 4 _aACTIVIDADES DE APRENDIZAJE
650 4 _aCUENTOS DE AVENTURAS
650 4 _aLIBROS PARA NINOS
655 _aLITERATURA
700 1 _aRodríguez, Alejandra Luz
700 1 _aAprea, Alberto
_eilustrador
942 _cBK
998 _cEugenia
999 _c19972
_d19972